000 00368nam a2200169Ia 4500
008 210210b1938 xxu||||| |||| 00| 0 eng d
041 _aeng
082 _a320/540
100 _aSHEED (F J)
245 _aCommunism and man
260 _a
_bNot Mentioned
_c1938
650 _aman
650 _aCommunism
650 _aand
690 _aCommunism
906 _a003179
999 _c118516
_d118516